Adventures of the magic monkey along the silk roads
| Main Author: | |
|---|---|
| Format: | Book |
| Published: |
Toronto :
Rom ,
1983
|
| Subjects: |
MARC
| LEADER | 00000cam a2200000 7i4500 | ||
|---|---|---|---|
| 001 | 0000006050 | ||
| 002 | 000006539 | ||
| 005 | 20000330.0 | ||
| 020 | |a 088854300X | ||
| 090 | 0 | 0 | |a JF |b NAG |
| 100 | 1 | |a Nagai-Berthrong, Evelgn | |
| 245 | 1 | 0 | |a Adventures of the magic monkey along the silk roads |c Evelyn Nagai-Berthrong ; illustrations by Anker Odum |
| 260 | |a Toronto : |b Rom , |c 1983 | ||
| 300 | |a 40p. : |b ill ; |c 28cm. | ||
| 650 | 0 | 0 | |a Comic Book |
| 999 | |a 037881 |b BUKU |c PINJAMAN |e PERPUSTAKAAN KOMUNITI PETALING JAYA | ||